Sin fronteras: programa de formación profesional para docentes / Edgardo Arita Dubón; colaboradores Sonia Rodríguez Soto; Minor Chacón Díaz
Zapisane w:
| 1. autor: | |
|---|---|
| Kolejni autorzy: | , |
| Format: | Książka |
| Język: | Spanish |
| Wydane: |
San José, Costa Rica:
INIE,
2009
|
| Hasła przedmiotowe: | |
| Etykiety: |
Dodaj etykietę
Nie ma etykietki, Dołącz pierwszą etykiete!
|
MARC
| LEADER | 00000nam a2200000Ia 4500 | ||
|---|---|---|---|
| 008 | 150811b2009 cr ||||| |||| 00| | spa d | ||
| 999 | |c 2000 |d 2000 | ||
| 090 | |a 06.06.02 |b 1284 | ||
| 100 | 1 | |a Arita Dubón, Edgardo |9 775 | |
| 245 | 1 | 0 | |a Sin fronteras: programa de formación profesional para docentes / Edgardo Arita Dubón; colaboradores Sonia Rodríguez Soto; Minor Chacón Díaz |
| 260 | |a San José, Costa Rica: |b INIE, |c 2009 | ||
| 300 | |a 3 páginas | ||
| 500 | |a Proyecto de Acción Social ED-1596 La Unidad posee informe 2009, 2010, 2011,2012,2013 | ||
| 650 | 1 | 4 | |a FORMACIÓN DE DOCENTES |9 9 |
| 650 | 1 | 4 | |a CAPACITACIÓN |9 729 |
| 650 | 1 | 4 | |a MATEMÁTICAS |9 482 |
| 650 | 1 | 4 | |a EDUCACIÓN SECUNDARIA |9 456 |
| 700 | 1 | |a Rodríguez Soto, Sonia |9 774 | |
| 700 | |a Chacón Díaz, Mynor |9 3896 | ||
| 942 | |i 001352,001300,001344,003875,003770 |h 06.06.02 1284 |2 z |c 04 | ||
